000 00486nam a2200145Ia 4500
008 151213s9999 xx 000 0 und d
100 _aমজিদ মাহমুদ।
245 _aমাহফুজামঙ্গল।
_cমজিদ মাহমুদ।
260 _aঢাকা।
_bমনন পাবলিশার্স।
_c2004
300 _a8689 p.
650 _aBangla
650 _aকবিতা।
700 _aমজিদ মাহমুদ।
999 _c4475
_d4475